How the World is Measured - Astronomical and Surveying Instruments: Catalogue of the Exhibition of the National Technical Museum /

Na minha lista:
Detalhes bibliográficos
Main Authors: Švejda, Antonín (Author), Hánek, Pavel (Author)
Formato: Livro
Idioma:inglês
tcheco
Publicado em: Praha: National Technical Museum, 2021
Edição:1. vyd.
Assuntos:
Tags: Adicionar Tag
Sem tags, seja o primeiro a adicionar uma tag!

MARC

LEADER 00000nam a22000003a 4500
001 0095419
003 SK-STU
005 20220525153957.1
007 ta
008 220525s ----xo-----e------000-0-----d
020 |a 978-80-7037-362-0 
040 |a STU  |b slo 
041 0 |a eng  |h cze 
044 |a xr 
100 1 |a Švejda, Antonín  |4 aut 
245 1 0 |a How the World is Measured - Astronomical and Surveying Instruments:  |b Catalogue of the Exhibition of the National Technical Museum /  |c aut. Antonín Švejda, Pavel Hánek 
250 |a 1. vyd. 
260 |a Praha:  |b National Technical Museum,  |c 2021 
300 |a 347 s. 
650 0 7 |a zememeračstvo 
650 0 7 |a astronomický prístroj 
700 1 |a Hánek, Pavel  |4 aut 
996 |b 284V037829  |c V* 53405/O-24565  |l VVT  |s A  |a 24  |w 0095419_0001